000 00777cam a22002291 4500
005 20260322212010.0
008 data
010 _a 53006256
040 _aDLC
_cDLC
_dDLC
050 0 0 _aF390
_b.H8495
082 0 0 _a92
_aB
_a92
100 1 _aJohnson, William Weber,
_d1909-
245 1 0 _aSam Houston, the tallest Texan;
_cWilliam Weber Johnson & William Reusswig.
260 _aNew York,
_bRandom House
_c[1953]
300 _a185 p.
_billus.
_c22 cm.
490 0 _aLandmark books, 32
520 _aA biography of a leader in Texas' fight for independence who became a governor of the new state and a United States Senator.
600 1 0 _aHouston, Sam,
_d1793-1863
_xJuvenile literature.
600 1 1 _aHouston, Sam,
_d1793-1863.
700 1 _aReusswig, William,
_eillus.
001 data
999 _c193
_d193